The singing tree : (Record no. 9907)

MARC details
000 -LEADER
fixed length control field 01272nam a22002657a 4500
001 - CONTROL NUMBER
control field 9907
003 - CONTROL NUMBER IDENTIFIER
control field FISKH
005 - DATE AND TIME OF LATEST TRANSACTION
control field 20260313121713.0
008 - FIXED-LENGTH DATA ELEMENTS--GENERAL INFORMATION
fixed length control field 260313b cb ||||| |||| 00| 0 eng d
020 ## - INTERNATIONAL STANDARD BOOK NUMBER
International Standard Book Number 0202122296
040 ## - CATALOGING SOURCE
Original cataloging agency FISKH
Language of cataloging eng
Transcribing agency FISKH
Modifying agency FISKH
082 ## - DEWEY DECIMAL CLASSIFICATION NUMBER
Classification number 821.914
100 ## - MAIN ENTRY--PERSONAL NAME
Personal name Gilmore , Mary
245 ## - TITLE STATEMENT
Title The singing tree :
Remainder of title A selection of Mary Gilmore's poetry for young readers /
Statement of responsibility, etc. By Mary Gilmore : Illustrated by Astra Lacis Dick
250 ## - EDITION STATEMENT
Edition statement First published 1971
260 ## - PUBLICATION, DISTRIBUTION, ETC.
Place of publication, distribution, etc. London :
Name of publisher, distributor, etc. Angus and Robertson ,
Date of publication, distribution, etc. 1971.
300 ## - PHYSICAL DESCRIPTION
Extent 72 pages :
Other physical details illustrations ;
Dimensions 22 cm .
505 ## - FORMATTED CONTENTS NOTE
Formatted contents note R <br/>
520 ## - SUMMARY, ETC.
Summary, etc. The Singing Tree is a collection of poems selected from the works of Mary Gilmore for young readers. The poems talk about:<br/><br/>nature and trees<br/><br/>Australian countryside and animals<br/><br/>childhood and family<br/><br/>feelings and imagination<br/><br/>The poems use simple but beautiful language to help children enjoy poetry and understand emotions, nature, and everyday life. The book encourages young readers to appreciate nature, kindness, and imagination through rhythm and imagery.
521 8# - TARGET AUDIENCE NOTE
Target audience note 750 <br/>
Source Lexile estimate <br/>
521 8# - TARGET AUDIENCE NOTE
Target audience note R <br/>
Source Raz-Plus <br/>
700 ## - ADDED ENTRY--PERSONAL NAME
Personal name Dick , Astra Lacis
Relator term Illustrator
942 ## - ADDED ENTRY ELEMENTS (KOHA)
Source of classification or shelving scheme Dewey Decimal Classification
Koha item type Books
Suppress in OPAC No
Holdings
Withdrawn status Lost status Source of classification or shelving scheme Damaged status Not for loan Collection Home library Current library Shelving location Date acquired Total Checkouts Full call number Barcode Date last seen Price effective from Koha item type
    Dewey Decimal Classification     Juvenile Fiction Footprints International School Library Network Toul Tom Poung Campus Footprints International School Library Network Toul Tom Poung Campus TTP Primary Orange Bookshelves 03/13/2026   GIL 821.914 FIS04886 03/13/2026 03/13/2026 Books